000 00572nam a2200193 i 4500
001 99082
003 ES-MaACL
005 20230906182433.0
007 t|
008 051121s1959 pr ||||1| spa d
080 _a821.134.2(729.5)-4"19"
100 1 _aSoto Ramos, Julio.
_9107526
245 1 4 _aUna pica en Flandes
_b: (ensayos y otros artículos) /
_cJulio Soto Ramos.
250 _a1ª ed.
260 _aSan Juan de Puerto Rico :
_bClub de la Prensa,
_c1959.
300 _a197 p. ;
_c23 cm.
852 _aES-MaACL
_jE-11047
_bR.136746
852 _aES-MaACL
_jC-27793
999 _c99082
_d99082